Aproximaciones a la literatura marroquí

Tallennettuna:
Bibliografiset tiedot
Päätekijä: Fernández Parrilla, Gonzalo (Tekijä)
Aineistotyyppi: Kirja
Kieli:espanja
Julkaistu: Coquimbo Centro Mohammed VI 2013
Painos:1a. ed
Aiheet:
Tagit: Lisää tagi
Ei tageja, Lisää ensimmäinen tagi!

MARC

LEADER 00000cam a2200000 a 4500
001 UCE1133
003 CL-VaPUC
008 140331e20130000cl |||||||||||||||||spa|d
020 |a 9789568888305 
082 0 4 |a 892.7  |b FER  |2 21 
100 0 |a Fernández Parrilla, Gonzalo  |e author  |9 573511 
245 1 0 |a Aproximaciones a la literatura marroquí 
250 |a 1a. ed 
300 |a 54 p 
942 |c BK 
945 |d 20140331 09:48:00  |a dcastane 
260 |a Coquimbo  |b Centro Mohammed VI  |c 2013 
650 7 |a LITERATURA ARABE  |2 CL-VaPUC  |9 323185 
650 0 |a Crítica e interpretación   |9 255042 
583 |a last modification  |c 20140331 09:48:00  |k Rodrigo Vera 
999 |c 355042  |d 355040 
952 |0 0  |1 0  |3 erb  |4 0  |6 892_700000000000000_FER_2013  |7 0  |8 A  |9 461387  |a BIBGIM  |b BIBGIM  |i 5064023  |o 892.7 FER 2013  |p 5064023  |r 2025-01-15  |w 2019-11-23  |y BK  |z Catalogado en:20140331  |k ARA